Online katalóg knižníc regiónu Turca

Ostrov pokladov (Record no. 21723)

MARC details
000 -LEADER
fixed length control field 01959cam a2200517 a 4500
001 - CONTROL NUMBER
control field 21723
003 - CONTROL NUMBER IDENTIFIER
control field VRT
005 - DATE AND TIME OF LATEST TRANSACTION
control field 20260309103114.0
008 - FIXED-LENGTH DATA ELEMENTS--GENERAL INFORMATION
fixed length control field 240315s2009 xo a b 000 j slo
015 ## - NATIONAL BIBLIOGRAPHY NUMBER
National bibliography number SNBA2010/01-00176
020 ## - INTERNATIONAL STANDARD BOOK NUMBER
International Standard Book Number 9788080893125
Qualifying information (viaz.)
035 ## - SYSTEM CONTROL NUMBER
System control number 7EC3F6A5-1D85-4930-A710-8FB07C291F79
035 ## - SYSTEM CONTROL NUMBER
System control number urn:nbn:sk:snk-amjwff
035 ## - SYSTEM CONTROL NUMBER
System control number urn:nbn:sk:snk-am007xrf
039 #9 - LEVEL OF BIBLIOGRAPHIC CONTROL AND CODING DETAIL [OBSOLETE]
Level of rules in bibliographic description 202403151735
Level of effort used to assign nonsubject heading access points VLOAD
Level of effort used to assign subject headings 202202081508
Level of effort used to assign classification AUTHORITY
Level of effort used to assign subject headings 202202061233
Level of effort used to assign classification AUTHORITY
Level of effort used to assign subject headings 202202061219
Level of effort used to assign classification AUTHORITY
040 ## - CATALOGING SOURCE
Original cataloging agency SKPK
Language of cataloging slo
Transcribing agency SKPK
Modifying agency SNK
Description conventions AACR2
041 1# - LANGUAGE CODE
Language code of text/sound track or separate title slo
Language code of original eng
044 ## - COUNTRY OF PUBLISHING/PRODUCING ENTITY CODE
MARC country code xo
ISO country code SK
072 #7 - SUBJECT CATEGORY CODE
Subject category code 821.111-3
Subject category code subdivision Anglická próza, anglicky písaná
Source konspekt
072 #7 - SUBJECT CATEGORY CODE
Subject category code 821-93
Subject category code subdivision Literatúra pre deti a mládež
Source konspekt
080 ## - UNIVERSAL DECIMAL CLASSIFICATION NUMBER
Universal Decimal Classification number 821.111(410.5)-32
Edition identifier 2001
080 ## - UNIVERSAL DECIMAL CLASSIFICATION NUMBER
Universal Decimal Classification number 821-93
Edition identifier 2001
080 ## - UNIVERSAL DECIMAL CLASSIFICATION NUMBER
Universal Decimal Classification number (0:82-321.3)
Edition identifier 2001
100 1# - MAIN ENTRY--PERSONAL NAME
Personal name Stevenson, Robert Louis,
Dates associated with a name 1850-1894
Relationship aut
240 10 - UNIFORM TITLE
Uniform title Treasure island
Language of a work Slovensky
245 10 - TITLE STATEMENT
Title Ostrov pokladov
Statement of responsibility, etc. Robert Louis Stevenson ; ilustroval Tony Wolf ; [text adaptácie Elisabetta Dami ; z anglického originálu preložila Mária Havranová]
250 ## - EDITION STATEMENT
Edition statement 1. vyd.
260 ## - PUBLICATION, DISTRIBUTION, ETC.
Place of publication, distribution, etc. Bratislava
Name of publisher, distributor, etc. Fragment
Date of publication, distribution, etc. 2009
300 ## - PHYSICAL DESCRIPTION
Extent 43 s.
Other physical details fareb. ilustr.
Dimensions 30 cm
490 1# - SERIES STATEMENT
Series statement Dobrodružné čítanie
521 ## - TARGET AUDIENCE NOTE
Target audience note Pre deti od 5 rokov
655 #7 - INDEX TERM--GENRE/FORM
Genre/form data or focus term škótske príbehy (anglicky)
Source of term SNKPH
655 #7 - INDEX TERM--GENRE/FORM
Genre/form data or focus term dobrodružné príbehy
Source of term SNKPH
655 #7 - INDEX TERM--GENRE/FORM
Genre/form data or focus term publikácie pre deti
Source of term SNKPH
700 1# - ADDED ENTRY--PERSONAL NAME
Personal name Wolf, Tony,
Dates associated with a name 1930-2018
Relationship ill
700 1# - ADDED ENTRY--PERSONAL NAME
Personal name Havranová, Mária
Titles and other words associated with a name (prekladateľka)
Relationship trl
700 1# - ADDED ENTRY--PERSONAL NAME
Personal name Dami, Elisabetta,
Dates associated with a name 1958-
Relationship aut
830 #0 - SERIES ADDED ENTRY--UNIFORM TITLE
Uniform title Dobrodružné čítanie
942 ## - ADDED ENTRY ELEMENTS (KOHA)
Source of classification or shelving scheme Dewey Decimal Classification
Koha item type Krásna literatúra pre deti
Suppress in OPAC No
949 ## - LOCAL PROCESSING INFORMATION (OCLC)
6 3869A13660
a bpksh821.111(410)-32
b bpksh63448
949 ## - LOCAL PROCESSING INFORMATION (OCLC)
6 273K0509650
a svkpoC 49963
b svkpo518112
949 ## - LOCAL PROCESSING INFORMATION (OCLC)
6 17A0638246
a snkSB 78578
b snk2009/20321
o 2231/09
s 6100:20140925
949 ## - LOCAL PROCESSING INFORMATION (OCLC)
6 17A0638247
a snkSB 78578 D1
b snk2009/20322
o 2231/09
980 ## - EQUIVALENCE OR CROSS-REFERENCE-SERIES STATEMENT--PERSONAL NAME/TITLE [LOCAL, CANADA]
Personal name 821.111(410.5)-32
980 ## - EQUIVALENCE OR CROSS-REFERENCE-SERIES STATEMENT--PERSONAL NAME/TITLE [LOCAL, CANADA]
Personal name 821-93
Holdings
Stav vyradenia Strata Poškodenie Spôsob nadobudnutia Domovská knižnica Aktuálna knižnica Dátum nadobudnutia Total checkouts Čiarový kód exemplára Date last seen Typ exemplára
      Dar Obecná knižnica Turčianska Štiavnička Obecná knižnica Turčianska Štiavnička 09.03.2026   4738000320 09.03.2026 Krásna literatúra pre deti
Projekt je podporený Slovenskou asociáciou knižníc
Prevádzkuje Turčianska knižnica Martin 2026